World of Warcraft Important Characters - Statistics

General Stats
  • This quiz has been taken 341 times
  • The average score is 11 of 41
Answer Stats
Hint Answer % Correct
Alliance Varian Wrynn
87%
Thrall
86%
Ysera the Dreamer
61%
Neltharion
59%
Sylvanas Windrunner
59%
Malfurion Stormrage
58%
Malygos
52%
Nozdormu
49%
Dragon Aspects Alextrasza the Lifebinder
48%
Cairne Bloodhoof
47%
Illidan Stormrage
45%
Grom Hellscream
44%
Muradin Bronzebeard
43%
Sargeras
40%
Prophet Velen
31%
Genn Greymane
29%
Other The Lich King
26%
Gelbin Mekkatorque
24%
Aman'Thul
21%
Eonar
18%
Horde Kael'thas the Sunstrider
18%
Archimonde
15%
Kil'Jaeden
14%
Titans Freya
13%
Norgannon
13%
Queen Azshara
11%
Khaz'goroth
10%
Aggramar
9%
Kel'Thuzad
9%
Ragnaros
9%
Thorim
9%
Hodir
8%
Loken
8%
Elune
6%
Golganneth
4%
Aegwynn
2%
Akama
2%
Borel
2%
Algalon the Observer
1%
Boss Mida
1%
Cenarion
1%
No matching quizzes found
Score Distribution
Percent of People with Each Score
Percentile by Number Answered
Your Score History
You have not taken this quiz